US Cities by Rail Transit Systems - Statistics

General Stats
  • This quiz has been taken 553 times
    529 since last reset
  • The average score is 33 of 49
Answer Stats
Transit System Name City % Correct
Long Island Rail Road, Metro-North Railroad, AirTrain JFK New York
94%
MBTA Commuter Rail Boston
93%
Metra, South Shore Line, The L Chicago
93%
Caltrain, BART, Muni Metro, Cable Car System San Francisco
93%
D_t___t People Mover Detroit
90%
Metrolink, Metro Rail (L__ A______) Los Angeles
90%
Coaster, S__ D____ Trolley San Diego
90%
MARC, Virginia Railway Express Washington, D.C.
90%
MARTA Rail System Atlanta
89%
Metro Light Rail (Ph____x) Phoenix
89%
Metro Subway, Light Rail (Ba_t___r_) Baltimore
88%
L__ V____ Monorail Las Vegas
88%
Metro Rail (B_ff_l_) Buffalo
87%
DART Commuter & Light Rail, M-Line, Skylink Dallas
87%
Light Rail (D__v__), Platte Valley Trolley Denver
87%
Tri-Rail, Metro Rail (M__m_), Metromover Miami
87%
SEPTA Regional Rail, SEPTA Subway-Elevated Lines, PATCO Speedline Philadelphia
87%
Sounder, Link Light Rail Seattle/Tacoma
87%
MetroLink (St. L____) St. Louis
87%
METRORail Houston
83%
Music City Star Nashville
83%
Westside Express Service, MAX, Vintage Trolley Portland, OR
80%
Light Rail (S_c__m__t_) Sacramento
80%
Indiana University Health People Mover Indianapolis
79%
New Mexico Rail Runner Express Albuquerque
77%
N_w___ Light Rail, AirTrain N_w___ Newark
77%
Hiawatha Line, Northstar Line Minneapolis
75%
Capital MetroRail Austin
73%
RTA Rapid Transit Cleveland
72%
G_lv__t_n Island Trolley Galveston, TX
69%
The T Pittsburgh
65%
LYNX Rapid Transit Services Charlotte
64%
Altamont Commuter Express San Jose
64%
Main Street Trolley Memphis
62%
TECO Line Streetcar System Tampa
59%
FrontRunner, TRAX Salt Lake City
58%
Skyway Jacksonville
56%
F__t C_l__n_ Municipal Railway Fort Collins, CO
49%
H__s__-Bergen Light Rail, Port Authority Trans-H__s___ Jersey City/Hudson County
48%
Old Pueblo Trolley Tucson
37%
Tide Light Rail Norfolk, VA
36%
Tren Urbano San Juan, Puerto Rico
36%
Ke_o__a Streetcar Circulator Kenosha, WI
33%
Shore Line East New Haven, CT
31%
PATCO Speedline Camden, NJ
29%
River Rail Streetcar Little Rock
25%
M__g__t___ Personal Rapid Transit Morgantown, WV
19%
SPRINTER Oceanside, CA
13%
A-Train Denton, TX
11%
No matching quizzes found
Score Distribution
Percent of People with Each Score
Percentile by Number Answered
Your Score History
You have not taken this quiz since the last reset